000 00626nam a22001817a 4500
005 20251108165316.0
008 250721s1992 xx 000 0 ara d
082 1 4 _a956.61/احم
100 1 _aالزيلعي، أحمد عمر
245 1 0 _aالأوضاع السياسيه و العلاقات الخارجية لمنطقة جازان :
_bالمخلاف السليماني في العصور الإسلامية الوسيطه /
264 1 _aالرياض :
_c1992.
300 _a263ص
650 1 7 _aجزيرة العرب
650 1 7 _aالتاريخ
650 1 7 _aالسعودية
942 _2ddc
_cBK
999 _c24721
_d24721